Сплавы платино-иридиевые. Методы анализа; ГОСТ 12559.1-82 Сплавы платино-иридиевые. Методы определения иридия; ГОСТ 12559.2-82 Сплавы платино-иридиевые. Методы спектрального анализа

Detalles Bibliográficos
Autor Corporativo: СССР Государственный комитет по стандартам (Госстандарт)
Lenguaje:ruso
Publicado: Москва, Изд-во стандартов, 1982
Edición:Изд. офиц.
TOC:ГОСТ 12559.1-82 Сплавы платино-иридиевые. Методы определения иридия;
ГОСТ 12559.2-82 Сплавы платино-иридиевые. Методы спектрального анализа;
Colección:Государственные стандарты
Materias:
Formato: Libro
KOHA link:https://koha.lib.tpu.ru/cgi-bin/koha/opac-detail.pl?biblionumber=153444

MARC

LEADER 00000nam0a2200000 4500
001 153444
005 20231031151412.0
035 |a (RuTPU)RU\TPU\book\166473 
035 |a RU\TPU\book\166468 
090 |a 153444 
100 |a 20090212d1982 km y0rusy50 ca 
101 0 |a rus 
102 |a RU 
105 |a y l 000zy 
200 1 |a Сплавы платино-иридиевые. Методы анализа 
205 |a Изд. офиц. 
210 |a Москва  |c Изд-во стандартов  |d 1982 
215 |a 8 с. 
225 1 |a Государственные стандарты 
464 |t ГОСТ 12559.1-82 Сплавы платино-иридиевые. Методы определения иридия 
464 |t ГОСТ 12559.2-82 Сплавы платино-иридиевые. Методы спектрального анализа 
610 1 |a ГОСТы 
610 1 |a стандарты 
610 1 |a методы анализа 
610 1 |a методы определения 
610 1 |a спектральный анализ 
610 1 |a сплавы 
610 1 |a иридий 
610 1 |a платина 
712 0 1 |a СССР  |b Государственный комитет по стандартам (Госстандарт)  |c (1978-1989)  |2 stltpush  |3 (RuTPU)RU\TPU\col\12454 
801 2 |a RU  |b 63413507  |c 20221208  |g PSBO 
942 |c BK